[Event "Ekstraliga 2019"]
[Site "Katowice"]
[Date "2019.09.01"]
[Round "5.6"]
[White "Majdan, Joanna"]
[Black "Warakomska, Anna"]
[Result "1/2-1/2"]
[BlackElo "2241"]
[WhiteElo "2368"]
[WhiteTeam "Wieza Pegow"]
[BlackTeam "Akademia Szachowa Gliwice"]
[LiveChessVersion "1.4.8"]

1. e4 {[%clk 1:30:57]} e5 {[%clk 1:30:35]} 2. Nf3 {[%clk 1:31:21]} Nc6
{[%clk 1:30:57]} 3. Bb5 {[%clk 1:31:44]} a6 {[%clk 1:30:47]} 4. Ba4
{[%clk 1:32:08]} Nf6 {[%clk 1:31:04]} 5. O-O {[%clk 1:32:30]} Be7
{[%clk 1:31:11]} 6. Re1 {[%clk 1:32:17]} b5 {[%clk 1:31:17]} 7. Bb3
{[%clk 1:32:43]} d6 {[%clk 1:31:10]} 8. c3 {[%clk 1:32:12]} O-O {[%clk 1:31:28]}
9. h3 {[%clk 1:31:22]} Nb8 {[%clk 1:30:37]} 10. d4 {[%clk 1:30:05]} Nbd7
{[%clk 1:30:49]} 11. Nbd2 {[%clk 1:30:12]} Bb7 {[%clk 1:30:58]} 12. Bc2
{[%clk 1:30:04]} Re8 {[%clk 1:30:16]} 13. Nf1 {[%clk 1:30:04]} Bf8
{[%clk 1:30:28]} 14. Ng3 {[%clk 1:30:12]} g6 {[%clk 1:30:51]} 15. a4
{[%clk 1:29:56]} c5 {[%clk 1:30:21]} 16. d5 {[%clk 1:30:00]} c4 {[%clk 1:29:50]}
17. Bg5 {[%clk 1:30:03]} h6 {[%clk 1:29:40]} 18. Be3 {[%clk 1:30:27]} Qc7
{[%clk 1:29:31]} 19. Qd2 {[%clk 1:28:24]} h5 {[%clk 1:27:40]} 20. Bg5
{[%clk 1:25:07]} Nh7 {[%clk 1:20:14]} 21. Be3 {[%clk 1:24:05]} Nhf6
{[%clk 1:18:25]} 22. Bg5 {[%clk 1:22:26]} Nh7 {[%clk 1:16:16]} 23. Be3
{[%clk 1:21:51]} 1/2-1/2

[Event "Ekstraliga 2019"]
[Site "Katowice"]
[Date "2019.09.01"]
[Round "5.11"]
[White "Mikrut, Dariusz"]
[Black "Bobras, Piotr"]
[Result "1-0"]
[BlackElo "2488"]
[WhiteElo "2375"]
[WhiteTeam "KSz Dwie Wieze Krakow"]
[BlackTeam "KSz Miedz Legnica"]
[LiveChessVersion "1.4.8"]

1. d4 {[%clk 1:30:55]} Nf6 {[%clk 1:30:47]} 2. c4 {[%clk 1:31:20]} g6
{[%clk 1:31:02]} 3. Nc3 {[%clk 1:31:42]} Bg7 {[%clk 1:31:26]} 4. e4
{[%clk 1:32:09]} d6 {[%clk 1:31:38]} 5. f3 {[%clk 1:32:27]} O-O {[%clk 1:31:41]}
6. Be3 {[%clk 1:32:54]} Nc6 {[%clk 1:31:03]} 7. Nge2 {[%clk 1:32:24]} a6
{[%clk 1:30:50]} 8. Qd2 {[%clk 1:31:18]} Rb8 {[%clk 1:30:47]} 9. O-O-O
{[%clk 1:27:09]} b5 {[%clk 1:16:12]} 10. Bh6 {[%clk 1:25:33]} e5 {[%clk 1:00:14]}
11. h4 {[%clk 1:16:31]} b4 {[%clk 0:30:47]} 12. Nd5 {[%clk 1:03:12]} Nxd5
{[%clk 0:23:31]} 13. cxd5 {[%clk 1:02:10]} Bxh6 {[%clk 0:19:37]} 14. Qxh6
{[%clk 1:02:30]} Na5 {[%clk 0:20:01]} 15. Ng3 {[%clk 0:40:01]} Rb6
{[%clk 0:17:39]} 16. Kb1 {[%clk 0:34:09]} Qe7 {[%clk 0:16:52]} 17. dxe5
{[%clk 0:28:36]} dxe5 {[%clk 0:16:26]} 18. Qe3 {[%clk 0:28:44]} Bd7
{[%clk 0:14:38]} 19. Rc1 {[%clk 0:29:02]} Qd6 {[%clk 0:04:53]} 20. Qc5
{[%clk 0:25:49]} Nb7 {[%clk 0:05:14]} 21. Qxc7 {[%clk 0:19:48]} Rc8
{[%clk 0:05:38]} 22. Qxd6 {[%clk 0:20:14]} Rxc1+ {[%clk 0:06:05]} 23. Kxc1
{[%clk 0:20:40]} Nxd6 {[%clk 0:06:32]} 24. Bd3 {[%clk 0:20:43]} a5
{[%clk 0:06:43]} 25. Kd2 {[%clk 0:20:51]} Rb8 {[%clk 0:07:05]} 26. Rc1
{[%clk 0:21:12]} Rc8 {[%clk 0:07:18]} 27. Rxc8+ {[%clk 0:21:30]} Bxc8
{[%clk 0:07:39]} 28. Nf1 {[%clk 0:21:27]} Kf8 {[%clk 0:03:54]} 29. Ne3
{[%clk 0:19:25]} Ke7 {[%clk 0:04:04]} 30. a3 {[%clk 0:19:52]} bxa3
{[%clk 0:03:55]} 31. bxa3 {[%clk 0:20:10]} f6 {[%clk 0:03:13]} 32. Kc3
{[%clk 0:18:35]} Bd7 {[%clk 0:03:26]} 33. g3 {[%clk 0:18:41]} h6 {[%clk 0:02:15]}
34. Kb3 {[%clk 0:18:30]} h5 {[%clk 0:00:51]} 35. Kc3 {[%clk 0:15:09]} Be8
{[%clk 0:00:40]} 36. Be2 {[%clk 0:14:20]} Kd7 {[%clk 0:00:33]} 37. Ba6
{[%clk 0:10:57]} Kc7 {[%clk 0:00:41]} 38. Nc4 {[%clk 0:08:03]} Nxc4
{[%clk 0:01:07]} 39. Kxc4 {[%clk 0:02:59]} Kb6 {[%clk 0:01:34]} 40. Bc8
{[%clk 0:33:24]} Bb5+ {[%clk 0:31:50]} 41. Kc3 {[%clk 0:33:47]} g5
{[%clk 0:06:18]} 42. Kd2 {[%clk 0:31:45]} gxh4 {[%clk 0:06:26]} 43. gxh4
{[%clk 0:32:09]} Kc5 {[%clk 0:06:12]} 44. Be6 {[%clk 0:32:24]} Be8
{[%clk 0:06:30]} 45. Ke3 {[%clk 0:32:33]} Kd6 {[%clk 0:03:49]} 46. Bf5
{[%clk 0:32:35]} Kc5 {[%clk 0:03:52]} 47. Kd2 {[%clk 0:30:12]} Kd6
{[%clk 0:04:08]} 48. Kc3 {[%clk 0:30:12]} Kc5 {[%clk 0:04:30]} 49. Be6
{[%clk 0:30:28]} Bg6 {[%clk 0:04:23]} 50. Kb3 {[%clk 0:29:28]} Be8
{[%clk 0:03:35]} 51. Bf5 {[%clk 0:29:29]} Kb5 {[%clk 0:02:33]} 52. Bc8
{[%clk 0:27:31]} Kb6 {[%clk 0:01:18]} 53. Be6 {[%clk 0:22:18]} Kc5
{[%clk 0:01:41]} 54. Kb2 {[%clk 0:22:12]} Bg6 {[%clk 0:00:32]} 55. Kc3
{[%clk 0:22:18]} Be8 {[%clk 0:00:33]} 56. Kb3 {[%clk 0:22:34]} Kb6
{[%clk 0:00:31]} 57. d6 {[%clk 0:04:23]} Bb5 {[%clk 0:00:59]} 58. Bf7
{[%clk 0:04:29]} Kc5 {[%clk 0:01:23]} 59. Bxh5 {[%clk 0:04:55]} Kxd6
{[%clk 0:01:47]} 60. Bg6 {[%clk 0:04:54]} Ke7 {[%clk 0:01:35]} 61. h5
{[%clk 0:05:17]} Kf8 {[%clk 0:01:40]} 62. h6 {[%clk 0:05:32]} Kg8
{[%clk 0:01:54]} 63. Bf5 {[%clk 0:04:47]} Kh8 {[%clk 0:02:12]} 64. Kb2
{[%clk 0:03:49]} Be2 {[%clk 0:02:31]} 65. Kc3 {[%clk 0:04:16]} Kg8
{[%clk 0:02:07]} 66. Kd2 {[%clk 0:04:42]} Bc4 {[%clk 0:00:35]} 67. Ke3
{[%clk 0:05:06]} Bf7 {[%clk 0:00:33]} 68. f4 {[%clk 0:05:31]} exf4+
{[%clk 0:00:36]} 69. Kxf4 {[%clk 0:05:58]} Kh8 {[%clk 0:00:47]} 70. Ke3
{[%clk 0:06:20]} Kg8 {[%clk 0:00:34]} 71. Kd4 {[%clk 0:06:46]} Kf8
{[%clk 0:00:43]} 72. Kc5 {[%clk 0:07:10]} Bb3 {[%clk 0:00:49]} 73. Kb5
{[%clk 0:07:28]} a4 {[%clk 0:01:13]} 74. Kc5 {[%clk 0:07:54]} Kf7
{[%clk 0:00:53]} 75. Kd6 {[%clk 0:08:16]} Kf8 {[%clk 0:00:45]} 76. Be6
{[%clk 0:08:31]} Bc2 {[%clk 0:01:06]} 77. Bd5 {[%clk 0:08:27]} 1-0

[Event "Ekstraliga 2019"]
[Site "Katowice"]
[Date "2019.09.01"]
[Round "5.13"]
[White "Kuzmicz, Krystian"]
[Black "Huschenbeth, Niclas"]
[Result "1/2-1/2"]
[BlackElo "2620"]
[WhiteElo "2461"]
[WhiteTeam "Bialy Krol Wisznia Mala"]
[BlackTeam "KSz Silesia Raciborz"]
[LiveChessVersion "1.4.8"]

1. e4 {[%clk 1:30:57]} c5 {[%clk 1:30:57]} 2. d3 {[%clk 1:31:22]} Nf6
{[%clk 1:31:23]} 3. g3 {[%clk 1:27:26]} d5 {[%clk 1:31:12]} 4. Nd2
{[%clk 1:27:49]} Nc6 {[%clk 1:31:35]} 5. Bg2 {[%clk 1:28:13]} e5 {[%clk 1:32:01]}
6. Ngf3 {[%clk 1:28:24]} Be7 {[%clk 1:32:24]} 7. O-O {[%clk 1:28:33]} O-O
{[%clk 1:32:49]} 8. c3 {[%clk 1:28:59]} d4 {[%clk 1:33:15]} 9. c4
{[%clk 1:19:38]} Ne8 {[%clk 1:27:54]} 10. Ne1 {[%clk 1:19:24]} Nd6
{[%clk 1:25:20]} 11. f4 {[%clk 1:15:49]} a6 {[%clk 1:14:27]} 12. Ndf3
{[%clk 1:04:40]} exf4 {[%clk 1:13:11]} 13. gxf4 {[%clk 1:04:36]} f5
{[%clk 1:13:29]} 14. e5 {[%clk 0:59:50]} Nf7 {[%clk 1:12:48]} 15. Bd2
{[%clk 0:59:53]} h6 {[%clk 1:09:11]} 16. Nc2 {[%clk 0:46:08]} Be6
{[%clk 1:08:56]} 17. Rb1 {[%clk 0:45:50]} b5 {[%clk 1:05:54]} 18. b3
{[%clk 0:41:26]} Rc8 {[%clk 1:01:40]} 19. Kh1 {[%clk 0:40:49]} g5
{[%clk 0:59:20]} 20. Qe2 {[%clk 0:38:22]} g4 {[%clk 0:57:07]} 21. Ng1
{[%clk 0:37:19]} Nh8 {[%clk 0:55:57]} 22. Na3 {[%clk 0:24:31]} b4
{[%clk 0:49:36]} 23. Nc2 {[%clk 0:24:59]} Ng6 {[%clk 0:49:57]} 24. Be1
{[%clk 0:24:56]} Qd7 {[%clk 0:42:00]} 25. a3 {[%clk 0:23:02]} h5 {[%clk 0:38:26]}
26. axb4 {[%clk 0:17:09]} cxb4 {[%clk 0:38:51]} 27. Qf2 {[%clk 0:16:21]} Bc5
{[%clk 0:27:19]} 28. Ne2 {[%clk 0:15:45]} h4 {[%clk 0:24:31]} 29. h3
{[%clk 0:15:36]} a5 {[%clk 0:22:36]} 30. Ra1 {[%clk 0:15:46]} g3 {[%clk 0:18:27]}
31. Qg1 {[%clk 0:14:36]} Bb6 {[%clk 0:13:38]} 32. Bd2 {[%clk 0:13:56]} Rfd8
{[%clk 0:12:58]} 33. Bc1 {[%clk 0:11:07]} Bf7 {[%clk 0:11:39]} 34. Ne1
{[%clk 0:09:58]} Nf8 {[%clk 0:08:29]} 35. Nf3 {[%clk 0:09:30]} Bh5
{[%clk 0:08:34]} 36. Re1 {[%clk 0:07:27]} Qe7 {[%clk 0:07:57]} 37. Ng5
{[%clk 0:06:43]} Ne6 {[%clk 0:08:06]} 38. Nxe6 {[%clk 0:06:57]} Qxe6
{[%clk 0:08:33]} 39. Qf1 {[%clk 0:07:14]} Nb8 {[%clk 0:05:05]} 40. Ng1
{[%clk 0:36:04]} Na6 {[%clk 0:34:54]} 41. Nf3 {[%clk 0:35:44]} Nc5
{[%clk 0:33:18]} 42. Rb1 {[%clk 0:31:49]} Qe7 {[%clk 0:30:04]} 43. Ng5
{[%clk 0:31:41]} Ne6 {[%clk 0:23:39]} 1/2-1/2

[Event "Ekstraliga 2019"]
[Site "Katowice"]
[Date "2019.09.01"]
[Round "5.19"]
[White "Heberla, Bartlomiej"]
[Black "Navara, David"]
[Result "0-1"]
[BlackElo "2724"]
[WhiteElo "2552"]
[WhiteTeam "Baszta MOS Znin"]
[BlackTeam "Wasko HETMAN GKS Katowice"]
[LiveChessVersion "1.4.8"]

1. d4 {[%clk 1:30:58]} Nf6 {[%clk 1:30:49]} 2. c4 {[%clk 1:31:24]} e6
{[%clk 1:31:13]} 3. Nf3 {[%clk 1:31:50]} b6 {[%clk 1:31:37]} 4. a3
{[%clk 1:32:12]} Bb7 {[%clk 1:32:01]} 5. Nc3 {[%clk 1:32:36]} d5 {[%clk 1:32:26]}
6. Bg5 {[%clk 1:32:54]} Be7 {[%clk 1:32:07]} 7. Bxf6 {[%clk 1:33:19]} Bxf6
{[%clk 1:32:30]} 8. cxd5 {[%clk 1:33:41]} exd5 {[%clk 1:32:54]} 9. g3
{[%clk 1:34:06]} O-O {[%clk 1:33:05]} 10. Bg2 {[%clk 1:34:16]} Nd7
{[%clk 1:28:40]} 11. O-O {[%clk 1:34:35]} Re8 {[%clk 1:29:03]} 12. e3
{[%clk 1:34:31]} c5 {[%clk 1:20:15]} 13. Rc1 {[%clk 1:17:19]} cxd4
{[%clk 1:20:15]} 14. exd4 {[%clk 1:17:15]} Nf8 {[%clk 1:19:32]} 15. Qd2
{[%clk 0:58:47]} a6 {[%clk 1:06:31]} 16. Rfe1 {[%clk 0:40:48]} Qd6
{[%clk 0:59:59]} 17. Ne5 {[%clk 0:39:15]} Ne6 {[%clk 0:59:38]} 18. f4
{[%clk 0:39:17]} b5 {[%clk 1:00:01]} 19. Kh1 {[%clk 0:29:23]} b4 {[%clk 0:59:32]}
20. axb4 {[%clk 0:25:27]} Qxb4 {[%clk 0:59:30]} 21. Rcd1 {[%clk 0:25:15]} Rad8
{[%clk 0:59:01]} 22. Qf2 {[%clk 0:21:13]} a5 {[%clk 0:54:13]} 23. Rd2
{[%clk 0:20:49]} a4 {[%clk 0:52:55]} 24. Ra1 {[%clk 0:10:59]} Bxe5
{[%clk 0:52:42]} 25. fxe5 {[%clk 0:06:31]} Bc6 {[%clk 0:53:04]} 26. h4
{[%clk 0:06:45]} Re7 {[%clk 0:51:19]} 27. Qe3 {[%clk 0:04:54]} Rb7
{[%clk 0:50:19]} 28. Rf1 {[%clk 0:04:33]} a3 {[%clk 0:48:32]} 29. bxa3
{[%clk 0:04:54]} Qxa3 {[%clk 0:48:58]} 30. Nxd5 {[%clk 0:02:14]} Qa6
{[%clk 0:48:39]} 31. Nf6+ {[%clk 0:01:40]} gxf6 {[%clk 0:48:58]} 32. Rxf6
{[%clk 0:01:37]} Rb1+ {[%clk 0:42:58]} 33. Kh2 {[%clk 0:02:01]} Bxg2
{[%clk 0:43:23]} 34. Rxg2 {[%clk 0:01:34]} Qa1 {[%clk 0:43:43]} 35. Rd2
{[%clk 0:01:03]} Rxd4 {[%clk 0:43:19]} 36. Rc2 {[%clk 0:00:34]} 0-1

[Event "Ekstraliga 2019"]
[Site "Katowice"]
[Date "2019.09.01"]
[Round "5.20"]
[White "Socko, Bartosz"]
[Black "Maksimenko, Andrei"]
[Result "1/2-1/2"]
[BlackElo "2468"]
[WhiteElo "2625"]
[WhiteTeam "Wasko HETMAN GKS Katowice"]
[BlackTeam "Baszta MOS Znin"]
[LiveChessVersion "1.4.8"]

1. d4 {[%clk 1:30:57]} d5 {[%clk 1:30:41]} 2. c4 {[%clk 1:31:21]} c6
{[%clk 1:30:31]} 3. Nf3 {[%clk 1:31:46]} Nf6 {[%clk 1:30:52]} 4. Nbd2
{[%clk 1:32:11]} g6 {[%clk 1:27:20]} 5. g3 {[%clk 1:32:17]} Bg7 {[%clk 1:26:56]}
6. Bg2 {[%clk 1:32:41]} O-O {[%clk 1:27:20]} 7. O-O {[%clk 1:33:07]} Bf5
{[%clk 1:26:19]} 8. b3 {[%clk 1:33:31]} Ne4 {[%clk 1:19:03]} 9. Bb2
{[%clk 1:33:48]} Qa5 {[%clk 1:16:26]} 10. a3 {[%clk 1:33:55]} Nd7
{[%clk 1:15:42]} 11. b4 {[%clk 1:34:17]} Qa6 {[%clk 1:15:25]} 12. Rc1
{[%clk 1:31:05]} Rfd8 {[%clk 1:02:31]} 13. Qb3 {[%clk 1:16:52]} Nb6
{[%clk 0:39:05]} 14. b5 {[%clk 0:44:59]} cxb5 {[%clk 0:27:40]} 15. cxb5
{[%clk 0:38:43]} Qa4 {[%clk 0:27:34]} 16. Rc7 {[%clk 0:36:27]} Rd7
{[%clk 0:25:28]} 17. Rxd7 {[%clk 0:32:37]} Qxb3 {[%clk 0:21:03]} 18. Nxb3
{[%clk 0:32:53]} Bxd7 {[%clk 0:21:28]} 19. Ne5 {[%clk 0:29:55]} Bxb5
{[%clk 0:18:52]} 20. Rc1 {[%clk 0:25:28]} Bxe2 {[%clk 0:12:05]} 21. Rc7
{[%clk 0:24:50]} f6 {[%clk 0:07:03]} 22. f3 {[%clk 0:22:34]} Nd6 {[%clk 0:06:51]}
23. Nd7 {[%clk 0:22:40]} Rc8 {[%clk 0:06:06]} 24. Rxc8+ {[%clk 0:23:05]} Nbxc8
{[%clk 0:06:12]} 25. Nbc5 {[%clk 0:22:17]} b6 {[%clk 0:04:36]} 26. Ne6
{[%clk 0:21:52]} Bb5 {[%clk 0:04:45]} 27. Nb8 {[%clk 0:22:08]} Kf7
{[%clk 0:04:22]} 28. Nd8+ {[%clk 0:22:33]} Ke8 {[%clk 0:04:40]} 29. Ne6
{[%clk 0:22:59]} Bh8 {[%clk 0:02:56]} 30. f4 {[%clk 0:23:21]} Bc4
{[%clk 0:03:01]} 31. Nc7+ {[%clk 0:21:54]} Kd8 {[%clk 0:03:06]} 32. Ne6+
{[%clk 0:21:29]} Ke8 {[%clk 0:03:36]} 33. Nc7+ {[%clk 0:21:52]} Kf7
{[%clk 0:03:53]} 34. Nxd5 {[%clk 0:21:06]} e6 {[%clk 0:03:48]} 35. Ne3
{[%clk 0:21:16]} Ne7 {[%clk 0:02:38]} 36. a4 {[%clk 0:21:14]} Bb3
{[%clk 0:02:34]} 37. Ba3 {[%clk 0:21:32]} Ndc8 {[%clk 0:02:28]} 38. Nc6
{[%clk 0:20:10]} Nxc6 {[%clk 0:01:43]} 39. Bxc6 {[%clk 0:20:35]} f5
{[%clk 0:02:08]} 40. Bb2 {[%clk 0:50:55]} Nd6 {[%clk 0:31:13]} 41. Kf2
{[%clk 0:50:39]} Ke7 {[%clk 0:20:55]} 42. Ke2 {[%clk 0:48:27]} Kd8
{[%clk 0:20:55]} 43. Kd3 {[%clk 0:48:12]} Kc7 {[%clk 0:21:19]} 44. Bb5
{[%clk 0:45:44]} a5 {[%clk 0:08:42]} 45. Kc3 {[%clk 0:43:10]} Nxb5+
{[%clk 0:08:34]} 46. axb5 {[%clk 0:43:33]} Ba4 {[%clk 0:05:47]} 47. Kc4
{[%clk 0:43:55]} Bf6 {[%clk 0:05:56]} 48. Ba3 {[%clk 0:41:31]} Kd7
{[%clk 0:05:49]} 49. d5 {[%clk 0:34:43]} e5 {[%clk 0:05:31]} 50. h3
{[%clk 0:25:05]} exf4 {[%clk 0:01:31]} 51. gxf4 {[%clk 0:25:28]} Be7
{[%clk 0:01:38]} 52. d6 {[%clk 0:25:04]} Bxd6 {[%clk 0:01:49]} 53. Nd5
{[%clk 0:25:31]} Bd1 {[%clk 0:00:40]} 54. Nxb6+ {[%clk 0:24:52]} Ke6
{[%clk 0:01:03]} 55. Bxd6 {[%clk 0:24:36]} Kxd6 {[%clk 0:01:31]} 56. Nc8+
{[%clk 0:24:56]} Kd7 {[%clk 0:01:47]} 57. Nb6+ {[%clk 0:24:35]} Kc7
{[%clk 0:01:45]} 58. Nd5+ {[%clk 0:23:43]} Kd6 {[%clk 0:02:04]} 59. Nc3
{[%clk 0:23:50]} Bf3 {[%clk 0:02:21]} 60. h4 {[%clk 0:23:43]} Bg2
{[%clk 0:02:27]} 61. Kd4 {[%clk 0:20:36]} Bf1 {[%clk 0:02:45]} 62. b6
{[%clk 0:20:49]} Kc6 {[%clk 0:02:46]} 63. Nd5 {[%clk 0:20:15]} Be2
{[%clk 0:01:31]} 64. Nf6 {[%clk 0:19:12]} Kxb6 {[%clk 0:01:32]} 65. Nxh7
{[%clk 0:19:38]} Kb5 {[%clk 0:01:46]} 66. Kc3 {[%clk 0:15:03]} Kc5
{[%clk 0:01:52]} 67. Nf8 {[%clk 0:15:26]} Bh5 {[%clk 0:02:13]} 68. Kb3
{[%clk 0:12:16]} Kd5 {[%clk 0:00:33]} 69. Ka4 {[%clk 0:12:41]} Ke4
{[%clk 0:00:55]} 70. Ne6 {[%clk 0:13:07]} Be2 {[%clk 0:00:58]} 71. Nf8
{[%clk 0:13:23]} Bh5 {[%clk 0:00:49]} 72. Ne6 {[%clk 0:13:47]} Kf3
{[%clk 0:00:35]} 73. Kxa5 {[%clk 0:14:01]} Kg3 {[%clk 0:00:50]} 74. Kb4
{[%clk 0:14:25]} Kxh4 {[%clk 0:01:11]} 75. Kc5 {[%clk 0:14:15]} Kg3
{[%clk 0:01:05]} 76. Kd4 {[%clk 0:14:37]} Bd1 {[%clk 0:01:13]} 77. Ke5
{[%clk 0:14:58]} Bh5 {[%clk 0:01:22]} 78. Kf6 {[%clk 0:14:20]} Kg4
{[%clk 0:01:45]} 79. Ke5 {[%clk 0:14:46]} Kg3 {[%clk 0:02:11]} 80. Kf6
{[%clk 0:15:14]} Kg4 {[%clk 0:02:37]} 81. Ke5 {[%clk 0:15:41]} 1/2-1/2

[Event "Ekstraliga 2019"]
[Site "Katowice"]
[Date "2019.09.01"]
[Round "5.21"]
[White "Piesik, Piotr"]
[Black "Gajewski, Grzegorz"]
[Result "0-1"]
[BlackElo "2613"]
[WhiteElo "2409"]
[WhiteTeam "Baszta MOS Znin"]
[BlackTeam "Wasko HETMAN GKS Katowice"]
[LiveChessVersion "1.4.8"]

1. d4 {[%clk 1:30:52]} Nf6 {[%clk 1:30:51]} 2. Bf4 {[%clk 1:30:44]} g6
{[%clk 1:29:42]} 3. Nf3 {[%clk 1:26:57]} Bg7 {[%clk 1:30:02]} 4. e3
{[%clk 1:25:41]} O-O {[%clk 1:30:24]} 5. Be2 {[%clk 1:23:48]} d6 {[%clk 1:30:46]}
6. h3 {[%clk 1:24:04]} Nc6 {[%clk 1:31:03]} 7. O-O {[%clk 1:21:20]} Nd7
{[%clk 1:31:05]} 8. c4 {[%clk 1:07:38]} e5 {[%clk 1:31:07]} 9. Bh2
{[%clk 1:08:03]} exd4 {[%clk 1:20:36]} 10. exd4 {[%clk 1:07:06]} Re8
{[%clk 1:20:34]} 11. Nc3 {[%clk 1:05:57]} Nf6 {[%clk 1:20:42]} 12. d5
{[%clk 1:00:12]} Nb4 {[%clk 1:18:33]} 13. a3 {[%clk 0:45:32]} Na6
{[%clk 1:18:45]} 14. Bd3 {[%clk 0:45:59]} Nc5 {[%clk 1:18:35]} 15. Bc2
{[%clk 0:45:35]} Nfe4 {[%clk 1:14:36]} 16. Nxe4 {[%clk 0:44:32]} Nxe4
{[%clk 1:15:02]} 17. Re1 {[%clk 0:44:53]} f5 {[%clk 1:14:15]} 18. Rb1
{[%clk 0:40:52]} Bh6 {[%clk 0:57:36]} 19. Re2 {[%clk 0:37:19]} Bd7
{[%clk 0:57:25]} 20. Qe1 {[%clk 0:26:38]} Qf6 {[%clk 0:56:40]} 21. Rd1
{[%clk 0:26:14]} Nc5 {[%clk 0:52:07]} 22. b4 {[%clk 0:19:57]} Rxe2
{[%clk 0:51:59]} 23. Qxe2 {[%clk 0:20:22]} Re8 {[%clk 0:52:09]} 24. Ne5
{[%clk 0:20:19]} dxe5 {[%clk 0:48:39]} 25. bxc5 {[%clk 0:20:42]} c6
{[%clk 0:42:44]} 26. Rb1 {[%clk 0:18:01]} Bc8 {[%clk 0:42:07]} 27. f4
{[%clk 0:15:55]} e4 {[%clk 0:42:25]} 28. Qe3 {[%clk 0:16:21]} Bg7
{[%clk 0:39:51]} 29. Kf1 {[%clk 0:15:16]} Kh8 {[%clk 0:29:37]} 30. Bg1
{[%clk 0:12:51]} cxd5 {[%clk 0:29:11]} 31. cxd5 {[%clk 0:12:45]} b6
{[%clk 0:27:24]} 32. c6 {[%clk 0:05:02]} Ba6+ {[%clk 0:27:34]} 33. Kf2
{[%clk 0:05:24]} Qh4+ {[%clk 0:24:32]} 34. g3 {[%clk 0:05:45]} Qxh3
{[%clk 0:24:57]} 35. d6 {[%clk 0:05:18]} Re6 {[%clk 0:25:21]} 36. d7
{[%clk 0:02:22]} Rd6 {[%clk 0:25:47]} 37. Bxe4 {[%clk 0:00:42]} Bd4
{[%clk 0:20:38]} 38. Qxd4+ {[%clk 0:00:35]} Rxd4 {[%clk 0:21:06]} 39. Bd3
{[%clk 0:00:41]} Rxd3 {[%clk 0:21:23]} 0-1

[Event "Ekstraliga 2019"]
[Site "Katowice"]
[Date "2019.09.01"]
[Round "5.26"]
[White "Bartel, Mateusz"]
[Black "Bluebaum, Matthias"]
[Result "1/2-1/2"]
[BlackElo "2619"]
[WhiteElo "2612"]
[WhiteTeam "VOTUM SA Polonia Wroclaw"]
[BlackTeam "KSz Stilon Gorzow"]
[LiveChessVersion "1.4.8"]

1. d4 {[%clk 1:30:56]} d5 {[%clk 1:30:41]} 2. c4 {[%clk 1:31:19]} c6
{[%clk 1:30:51]} 3. Nf3 {[%clk 1:31:45]} Nf6 {[%clk 1:31:17]} 4. e3
{[%clk 1:32:07]} Bg4 {[%clk 1:30:13]} 5. Nc3 {[%clk 1:32:16]} e6 {[%clk 1:30:36]}
6. h3 {[%clk 1:32:42]} Bxf3 {[%clk 1:29:00]} 7. Qxf3 {[%clk 1:33:06]} Bb4
{[%clk 1:29:25]} 8. Bd2 {[%clk 1:31:47]} Nbd7 {[%clk 1:28:36]} 9. Bd3
{[%clk 1:18:55]} O-O {[%clk 1:26:30]} 10. a3 {[%clk 1:16:06]} Bxc3
{[%clk 1:18:53]} 11. Bxc3 {[%clk 1:12:48]} Re8 {[%clk 1:17:39]} 12. cxd5
{[%clk 1:01:25]} exd5 {[%clk 1:07:31]} 13. O-O {[%clk 1:01:43]} Ne4
{[%clk 1:07:57]} 14. Be1 {[%clk 0:58:10]} Qc7 {[%clk 0:57:44]} 15. Rc1
{[%clk 0:58:33]} Re6 {[%clk 0:56:28]} 16. Qf5 {[%clk 0:51:52]} Ndf6
{[%clk 0:50:07]} 17. Qf4 {[%clk 0:45:56]} Qxf4 {[%clk 0:39:19]} 18. exf4
{[%clk 0:46:23]} Nh5 {[%clk 0:37:37]} 19. f5 {[%clk 0:46:03]} Rf6
{[%clk 0:28:22]} 20. Rd1 {[%clk 0:43:16]} Nf4 {[%clk 0:21:33]} 21. f3
{[%clk 0:40:05]} Nd6 {[%clk 0:20:38]} 22. Bh4 {[%clk 0:31:09]} Rxf5
{[%clk 0:20:54]} 23. Bxf5 {[%clk 0:27:49]} Nxf5 {[%clk 0:21:22]} 24. Bf2
{[%clk 0:28:09]} a5 {[%clk 0:18:37]} 25. a4 {[%clk 0:27:19]} Ra6 {[%clk 0:17:27]}
26. Rfe1 {[%clk 0:26:23]} Kf8 {[%clk 0:16:28]} 27. Be3 {[%clk 0:14:39]} Ne6
{[%clk 0:13:26]} 28. Bf2 {[%clk 0:08:56]} Rb6 {[%clk 0:12:20]} 29. g4
{[%clk 0:06:09]} Nd6 {[%clk 0:12:14]} 30. Bg3 {[%clk 0:05:48]} Nc4
{[%clk 0:11:41]} 31. f4 {[%clk 0:06:12]} Rb3 {[%clk 0:09:35]} 32. Bh2
{[%clk 0:04:03]} Rxh3 {[%clk 0:09:06]} 33. Re2 {[%clk 0:04:32]} Rb3
{[%clk 0:08:49]} 34. Rde1 {[%clk 0:05:00]} g6 {[%clk 0:08:07]} 35. f5
{[%clk 0:05:26]} gxf5 {[%clk 0:07:35]} 36. gxf5 {[%clk 0:05:43]} Nxd4
{[%clk 0:07:41]} 37. Re8+ {[%clk 0:06:11]} Kg7 {[%clk 0:08:06]} 38. Rf1
{[%clk 0:05:29]} Kf6 {[%clk 0:06:44]} 39. Bc7 {[%clk 0:05:37]} Rf3
{[%clk 0:00:42]} 40. Rxf3 {[%clk 0:32:36]} Nxf3+ {[%clk 0:31:10]} 41. Kf2
{[%clk 0:32:56]} Nd4 {[%clk 0:29:47]} 42. Rb8 {[%clk 0:30:40]} b5
{[%clk 0:26:16]} 43. Bxa5 {[%clk 0:27:59]} Nxa5 {[%clk 0:18:41]} 44. b4
{[%clk 0:28:21]} Nc4 {[%clk 0:16:13]} 45. a5 {[%clk 0:27:51]} c5 {[%clk 0:16:40]}
46. a6 {[%clk 0:26:18]} Nc6 {[%clk 0:17:07]} 47. bxc5 {[%clk 0:24:44]} N4e5
{[%clk 0:14:57]} 48. Rxb5 {[%clk 0:20:39]} Kxf5 {[%clk 0:11:33]} 49. Rb7
{[%clk 0:19:32]} Ke4 {[%clk 0:08:45]} 50. a7 {[%clk 0:18:25]} Nxa7
{[%clk 0:09:04]} 1/2-1/2

[Event "Ekstraliga 2019"]
[Site "Katowice"]
[Date "2019.09.01"]
[Round "5.27"]
[White "Kanarek, Marcel"]
[Black "Mastrovasilis, Dimitrios"]
[Result "1/2-1/2"]
[BlackElo "2594"]
[WhiteElo "2493"]
[WhiteTeam "KSz Stilon Gorzow"]
[BlackTeam "VOTUM SA Polonia Wroclaw"]
[LiveChessVersion "1.4.8"]

1. Nf3 {[%clk 1:30:57]} d5 {[%clk 1:30:47]} 2. g3 {[%clk 1:31:26]} c6
{[%clk 1:29:59]} 3. Bg2 {[%clk 1:31:51]} Bf5 {[%clk 1:30:18]} 4. O-O
{[%clk 1:32:13]} e6 {[%clk 1:30:41]} 5. d3 {[%clk 1:31:48]} Nf6 {[%clk 1:29:47]}
6. c4 {[%clk 1:31:03]} dxc4 {[%clk 1:25:51]} 7. dxc4 {[%clk 1:29:36]} Qxd1
{[%clk 1:25:45]} 8. Rxd1 {[%clk 1:30:03]} Nbd7 {[%clk 1:24:15]} 9. Nc3
{[%clk 1:26:08]} e5 {[%clk 1:18:23]} 10. Ng5 {[%clk 1:21:37]} h6 {[%clk 1:00:02]}
11. Nge4 {[%clk 1:21:19]} Nxe4 {[%clk 0:59:49]} 12. Nxe4 {[%clk 1:21:33]} Nc5
{[%clk 0:59:11]} 13. Nd6+ {[%clk 1:13:31]} Bxd6 {[%clk 0:59:30]} 14. Rxd6
{[%clk 1:13:56]} Ke7 {[%clk 0:57:04]} 15. Rd2 {[%clk 0:52:50]} Rhd8
{[%clk 0:45:14]} 16. b3 {[%clk 0:52:23]} Ne4 {[%clk 0:25:01]} 17. Ba3+
{[%clk 0:51:18]} Kf6 {[%clk 0:24:00]} 18. Rd3 {[%clk 0:47:52]} Ng5
{[%clk 0:16:30]} 19. Rdd1 {[%clk 0:40:37]} Ne6 {[%clk 0:15:43]} 20. Bb2
{[%clk 0:34:27]} g5 {[%clk 0:15:57]} 21. Kf1 {[%clk 0:23:09]} Bc2
{[%clk 0:15:42]} 22. Rdc1 {[%clk 0:23:09]} Bf5 {[%clk 0:15:59]} 23. Rd1
{[%clk 0:22:19]} Bc2 {[%clk 0:16:06]} 24. Rdc1 {[%clk 0:20:51]} Bf5
{[%clk 0:16:28]} 25. b4 {[%clk 0:18:37]} Rd2 {[%clk 0:13:29]} 26. Bc3
{[%clk 0:18:20]} Rd7 {[%clk 0:13:56]} 27. b5 {[%clk 0:14:39]} cxb5
{[%clk 0:14:00]} 28. cxb5 {[%clk 0:15:03]} Rad8 {[%clk 0:14:23]} 29. a4
{[%clk 0:06:54]} Nd4 {[%clk 0:13:08]} 30. Bxd4 {[%clk 0:05:30]} exd4
{[%clk 0:13:36]} 31. Rc5 {[%clk 0:04:45]} Ke5 1/2-1/2